| 000 | 00853nam a2200265Ia 4500 | ||
|---|---|---|---|
| 003 | OSt | ||
| 005 | 20220923220437.0 | ||
| 006 | a|||||r|||| 00| 0 | ||
| 007 | ta | ||
| 008 | 220922b |||||||| |||| 00| 0 hin d | ||
| 024 | _a186,686 | ||
| 037 | _cTextual | ||
| 040 |
_aARTS _cARTS _bhin |
||
| 041 |
_2hin _ahin |
||
| 082 | _aX, 152K3 | ||
| 100 | _aजोशी, मुरलीधर | ||
| 245 | 0 | _aआर्थिक पद्वतियां | |
| 246 | _aĀrthik padvatiyāan | ||
| 260 |
_aउतर प्रदेश _b हिन्दी समिति _c1963 |
||
| 300 |
_a269पृ. _ccm. |
||
| 490 | _aहिन्दी समिति ग्रंथमाला; 73 | ||
| 650 | _aअर्थशास्त्र | ||
| 942 |
_hX, 152K3 _cTEXL _2CC |
||
| 999 |
_c339929 _d339929 |
||